000 00551nam a2200217 a 4500
999 _c5135
_d5135
001 5135
003 BD-JhCC
005 20171211180600.0
008 171209s1965 n |||| ||a| 000 0 eng d
035 _a(BD-JhCC) 5135
040 _aBD-JhCC
_dBD-JhCC
041 _aeng
082 _a425
_bBRI 1965
100 _aBright, J.A
245 _aEnglish composition course for Overseas Students /
_cJ.A .Bright
260 _aLondon :
_bLONGMANS ,
_c1965
300 _a140 p .:
_c17 cm .
650 _aEnglish Language
942 _2ddc
_cBK